000 01377nam2a22002651 4500
001 v19\rc\1236745
005 20260407145547.0
035 _a(NLR Aleph) 005188203
090 _a5185439
_c5185439
100 _a20060306d1889 |||y0rusy50 ca
101 0 _arus
102 _aRU
105 _ay z |||||
200 1 _aОтчет Управления Уральской железной дороги
_eс приложением
210 _d1889
_aБ. м.
215 _aРазд. паг.
309 _aПриложение имеет самостоятельный тит. лист
461 0 _1001v19\rc\1236682
_12001#$aОтчет по эксплоатации казенных железных дорог...$fМ.П.С. Управление железных дорог$v... за 1888 год, ч. 10
_95184869
_aРоссия. Управление железных дорог
_d1884-1915
_fМ.П.С. Управление железных дорог
_tОтчет по эксплоатации казенных железных дорог...
_v... за 1888 год, ч. 10
711 0 2 _aУральская горнозаводская железная дорога
_3RU\NLR\AUTH\8810022389
_9542785
801 2 _aRU
_bNLR
_c20080212
_2rusmarc
801 0 _aRU
_bNLR
_c20060306
_gpsbo
801 1 _aRU
_bProSoft-M
_c20060306
_2rusmarc
852 _aNLR
_j40.40.6.14
942 _cBOOK
980 _aNB